[Event "DEM U12w 2024"]
[Site "Willingen GER"]
[Date "2024.05.19"]
[Round "1"]
[White "Kovalskyy, Alicia"]
[Black "Bharathula, Akhila"]
[Result "1-0"]
[Termination "normal"]
[Board "1"]
[WhiteElo "1825"]
[BlackElo "1420"]
[WhiteClock "00:53:15"]
[BlackClock "00:47:16"]
[PlyCount "71"]
[WhiteFideId "34612130"]
[BlackFideId "34641777"]
[EventCountry "GER"]
[EventRounds "9"]
[EventType "swiss"]
[EventDate "2024.05.18"]

1. e4 {[%clk 01:30:54]} {[%emt 00:00:06]} e5 {[%clk 01:30:54]} {[%emt
00:00:06]} 2. Nf3 {[%clk 01:31:20]} {[%emt 00:00:04]} Nc6 {[%clk 01:31:19]}
{[%emt 00:00:05]} 3. Bc4 {[%clk 01:31:44]} {[%emt 00:00:05]} Bc5 {[%clk
01:31:43]} {[%emt 00:00:06]} 4. c3 {[%clk 01:32:10]} {[%emt 00:00:05]} Nf6
{[%clk 01:31:50]} {[%emt 00:00:22]} 5. d3 {[%clk 01:32:33]} {[%emt 00:00:07]}
d6 {[%clk 01:31:34]} {[%emt 00:00:46]} 6. O-O {[%clk 01:32:40]} {[%emt
00:00:23]} Be6 {[%clk 01:31:39]} {[%emt 00:00:25]} 7. Bb5 {[%clk 01:33:01]}
{[%emt 00:00:10]} d5 {[%clk 01:30:46]} {[%emt 00:01:23]} 8. Nxe5 {[%clk
01:31:41]} {[%emt 00:01:49]} O-O {[%clk 01:29:25]} {[%emt 00:01:51]} 9. Nxc6
{[%clk 01:27:17]} {[%emt 00:04:54]} bxc6 {[%clk 01:28:00]} {[%emt 00:01:55]}
10. Bxc6 {[%clk 01:27:23]} {[%emt 00:00:25]} Rb8 {[%clk 01:27:33]} {[%emt
00:00:56]} 11. d4 {[%clk 01:25:41]} {[%emt 00:02:12]} Bb6 {[%clk 01:26:36]}
{[%emt 00:01:27]} 12. e5 {[%clk 01:23:49]} {[%emt 00:02:22]} Nd7 {[%clk
01:25:56]} {[%emt 00:01:10]} 13. f4 {[%clk 01:16:06]} {[%emt 00:08:12]} f6
{[%clk 01:25:48]} {[%emt 00:00:38]} 14. f5 {[%clk 01:14:39]} {[%emt 00:01:57]}
Bf7 {[%clk 01:25:10]} {[%emt 00:01:08]} 15. e6 {[%clk 01:12:38]} {[%emt
00:02:31]} Ne5 {[%clk 01:24:30]} {[%emt 00:01:09]} 16. exf7+ {[%clk 01:12:03]}
{[%emt 00:01:05]} Rxf7 {[%clk 01:23:58]} {[%emt 00:01:02]} 17. Ba4 {[%clk
01:11:49]} {[%emt 00:00:44]} Re7 {[%clk 01:21:45]} {[%emt 00:02:44]} 18. Kh1
{[%clk 01:11:32]} {[%emt 00:00:47]} Nc4 {[%clk 01:21:01]} {[%emt 00:01:15]} 19.
Bb3 {[%clk 01:10:54]} {[%emt 00:01:08]} Na5 {[%clk 01:17:03]} {[%emt 00:04:28]}
20. Bf4 {[%clk 01:07:03]} {[%emt 00:04:18]} Rc8 {[%clk 01:12:59]} {[%emt
00:04:36]} 21. Nd2 {[%clk 01:05:30]} {[%emt 00:02:04]} c5 {[%clk 01:09:21]}
{[%emt 00:04:08]} 22. dxc5 {[%clk 01:03:45]} {[%emt 00:02:15]} Nxb3 {[%clk
01:05:19]} {[%emt 00:04:31]} 23. Nxb3 {[%clk 01:03:59]} {[%emt 00:00:17]} Bxc5
{[%clk 01:04:47]} {[%emt 00:01:00]} 24. Nxc5 {[%clk 01:03:20]} {[%emt
00:01:10]} Rxc5 {[%clk 01:03:37]} {[%emt 00:01:38]} 25. Qd3 {[%clk 01:01:08]}
{[%emt 00:02:37]} Rc4 {[%clk 00:58:05]} {[%emt 00:06:10]} 26. Rad1 {[%clk
01:00:02]} {[%emt 00:01:34]} Rd7 {[%clk 00:55:45]} {[%emt 00:02:52]} 27. b3
{[%clk 01:00:09]} {[%emt 00:00:23]} Rc6 {[%clk 00:54:52]} {[%emt 00:01:21]} 28.
Rfe1 {[%clk 00:57:16]} {[%emt 00:03:25]} Qa5 {[%clk 00:53:59]} {[%emt
00:01:23]} 29. c4 {[%clk 00:56:30]} {[%emt 00:01:17]} Qxa2 {[%clk 00:50:22]}
{[%emt 00:04:06]} 30. cxd5 {[%clk 00:54:54]} {[%emt 00:02:07]} Rb6 {[%clk
00:48:56]} {[%emt 00:01:56]} 31. Qc4 {[%clk 00:53:26]} {[%emt 00:01:52]} Rd8
{[%clk 00:47:53]} {[%emt 00:01:39]} 32. d6+ {[%clk 00:52:18]} {[%emt 00:01:37]}
Kh8 {[%clk 00:48:05]} {[%emt 00:00:18]} 33. d7 {[%clk 00:52:30]} {[%emt
00:00:18]} h6 {[%clk 00:46:36]} {[%emt 00:01:59]} 34. Re8+ {[%clk 00:52:55]}
{[%emt 00:00:05]} Rxe8 {[%clk 00:47:00]} {[%emt 00:00:05]} 35. dxe8=R+ {[%clk
00:53:20]} {[%emt 00:00:05]} Kh7 {[%clk 00:47:16]} {[%emt 00:00:15]} 36. Qg8#
{[%clk 00:53:15]} {[%emt 00:00:04]} 1-0

[Event "DEM U12w 2024"]
[Site "Willingen GER"]
[Date "2024.05.19"]
[Round "1"]
[White "Winkler, Frida"]
[Black "Chen, Yueyi"]
[Result "0-1"]
[Termination "normal"]
[Board "2"]
[WhiteElo "1587"]
[BlackElo "1795"]
[WhiteClock "01:02:31"]
[BlackClock "01:23:27"]
[PlyCount "64"]
[WhiteFideId "34622322"]
[BlackFideId "34653902"]
[EventCountry "GER"]
[EventRounds "9"]
[EventType "swiss"]
[EventDate "2024.05.18"]

1. e4 {[%clk 01:30:59]} c5 {[%clk 01:30:56]} {[%emt 00:00:04]} 2. Nf3 {[%clk
01:31:21]} {[%emt 00:00:08]} d6 {[%clk 01:31:21]} {[%emt 00:00:05]} 3. d4
{[%clk 01:31:44]} {[%emt 00:00:07]} cxd4 {[%clk 01:31:44]} {[%emt 00:00:07]} 4.
Nxd4 {[%clk 01:32:05]} {[%emt 00:00:08]} Nf6 {[%clk 01:32:07]} {[%emt
00:00:08]} 5. Nc3 {[%clk 01:32:20]} {[%emt 00:00:15]} a6 {[%clk 01:32:25]}
{[%emt 00:00:12]} 6. Be3 {[%clk 01:32:39]} {[%emt 00:00:11]} e5 {[%clk
01:32:38]} {[%emt 00:00:17]} 7. Nb3 {[%clk 01:32:49]} {[%emt 00:00:20]} Be6
{[%clk 01:32:50]} {[%emt 00:00:18]} 8. Qd2 {[%clk 01:32:28]} {[%emt 00:00:50]}
Be7 {[%clk 01:32:46]} {[%emt 00:00:35]} 9. O-O-O {[%clk 01:32:45]} {[%emt
00:00:12]} Ng4 {[%clk 01:32:19]} {[%emt 00:00:58]} 10. f3 {[%clk 01:31:44]}
{[%emt 00:01:31]} Nxe3 {[%clk 01:32:38]} {[%emt 00:00:11]} 11. Qxe3 {[%clk
01:31:57]} {[%emt 00:00:16]} Bg5 {[%clk 01:32:47]} {[%emt 00:00:21]} 12. Qxg5
{[%clk 01:28:28]} {[%emt 00:04:00]} Qxg5+ {[%clk 01:33:08]} {[%emt 00:00:08]}
13. Kb1 {[%clk 01:28:49]} {[%emt 00:00:09]} Qe7 {[%clk 01:33:00]} {[%emt
00:00:38]} 14. Nd5 {[%clk 01:27:30]} {[%emt 00:01:48]} Bxd5 {[%clk 01:33:01]}
{[%emt 00:00:31]} 15. Rxd5 {[%clk 01:27:49]} {[%emt 00:00:11]} Nd7 {[%clk
01:33:04]} {[%emt 00:00:27]} 16. Be2 {[%clk 01:26:25]} {[%emt 00:01:53]} Nf6
{[%clk 01:33:12]} {[%emt 00:00:21]} 17. Rd2 {[%clk 01:26:32]} {[%emt 00:00:23]}
O-O {[%clk 01:33:09]} {[%emt 00:00:34]} 18. Rhd1 {[%clk 01:25:51]} {[%emt
00:01:09]} Rfd8 {[%clk 01:33:07]} {[%emt 00:00:33]} 19. Na5 {[%clk 01:26:09]}
{[%emt 00:00:12]} Qc7 {[%clk 01:31:51]} {[%emt 00:01:47]} 20. Nc4 {[%clk
01:26:13]} {[%emt 00:00:24]} Rd7 {[%clk 01:31:00]} {[%emt 00:01:22]} 21. g4
{[%clk 01:22:55]} {[%emt 00:03:48]} Rad8 {[%clk 01:30:17]} {[%emt 00:01:14]}
22. Ne3 {[%clk 01:18:53]} {[%emt 00:04:32]} Qc5 {[%clk 01:28:16]} {[%emt
00:02:31]} 23. Rd3 {[%clk 01:12:21]} {[%emt 00:07:01]} d5 {[%clk 01:25:16]}
{[%emt 00:03:31]} 24. Rc3 {[%clk 01:09:12]} {[%emt 00:03:36]} Qa7 {[%clk
01:24:09]} {[%emt 00:01:39]} 25. g5 {[%clk 01:07:26]} {[%emt 00:02:16]} d4
{[%clk 01:24:12]} {[%emt 00:00:29]} 26. Rc4 {[%clk 01:06:00]} {[%emt 00:01:53]}
dxe3 {[%clk 01:23:52]} {[%emt 00:00:53]} 27. Rxd7 {[%clk 01:05:24]} {[%emt
00:01:05]} Nxd7 {[%clk 01:24:08]} {[%emt 00:00:14]} 28. Rc3 {[%clk 01:05:04]}
{[%emt 00:00:50]} Nc5 {[%clk 01:23:24]} {[%emt 00:01:14]} 29. a3 {[%clk
01:04:17]} {[%emt 00:01:17]} Ne6 {[%clk 01:23:41]} {[%emt 00:00:13]} 30. Kc1
{[%clk 01:02:47]} {[%emt 00:01:59]} Nf4 {[%clk 01:23:37]} {[%emt 00:00:34]} 31.
Bd3 {[%clk 01:02:16]} {[%emt 00:01:01]} e2 {[%clk 01:23:21]} {[%emt 00:00:46]}
32. Kd2 {[%clk 01:02:31]} {[%emt 00:00:14]} Qf2 {[%clk 01:23:27]} {[%emt
00:00:26]} 0-1

[Event "DEM U12w 2024"]
[Site "Willingen GER"]
[Date "2024.05.19"]
[Round "1"]
[White "Jordan, Christina"]
[Black "Kübart, Ela Marie"]
[Result "0-1"]
[Termination "normal"]
[Board "3"]
[WhiteElo "1802"]
[BlackElo "1567"]
[WhiteClock "00:09:53"]
[BlackClock "01:13:10"]
[PlyCount "46"]
[WhiteFideId "1347977"]
[BlackFideId "34633723"]
[EventCountry "GER"]
[EventRounds "9"]
[EventType "swiss"]
[EventDate "2024.05.18"]

1. e4 {[%clk 01:30:58]} e6 {[%clk 01:30:51]} {[%emt 00:00:10]} 2. d4 {[%clk
01:31:25]} {[%emt 00:00:04]} d5 {[%clk 01:31:14]} {[%emt 00:00:06]} 3. Nc3
{[%clk 01:31:51]} {[%emt 00:00:03]} dxe4 {[%clk 01:31:37]} {[%emt 00:00:07]} 4.
Nxe4 {[%clk 01:27:47]} {[%emt 00:04:34]} Nd7 {[%clk 01:31:56]} {[%emt
00:00:12]} 5. Nf3 {[%clk 01:24:48]} {[%emt 00:03:28]} Ngf6 {[%clk 01:30:46]}
{[%emt 00:01:40]} 6. Nxf6+ {[%clk 01:22:59]} {[%emt 00:02:19]} Nxf6 {[%clk
01:31:04]} {[%emt 00:00:11]} 7. Bc4 {[%clk 01:15:00]} {[%emt 00:08:29]} Be7
{[%clk 01:28:56]} {[%emt 00:02:38]} 8. O-O {[%clk 01:10:39]} {[%emt 00:04:52]}
O-O {[%clk 01:29:03]} {[%emt 00:00:23]} 9. Re1 {[%clk 01:06:15]} {[%emt
00:04:54]} c5 {[%clk 01:26:13]} {[%emt 00:03:20]} 10. c3 {[%clk 00:55:47]}
{[%emt 00:10:58]} b6 {[%clk 01:26:03]} {[%emt 00:00:41]} 11. Qe2 {[%clk
00:37:01]} {[%emt 00:19:14]} Bb7 {[%clk 01:24:30]} {[%emt 00:02:04]} 12. Ng5
{[%clk 00:32:47]} {[%emt 00:04:44]} cxd4 {[%clk 01:23:28]} {[%emt 00:01:31]}
13. Nxe6 {[%clk 00:31:24]} {[%emt 00:01:54]} fxe6 {[%clk 01:20:32]} {[%emt
00:03:26]} 14. Qxe6+ {[%clk 00:31:49]} {[%emt 00:00:05]} Kh8 {[%clk 01:20:28]}
{[%emt 00:00:33]} 15. Qxe7 {[%clk 00:31:53]} {[%emt 00:00:27]} Re8 {[%clk
01:19:55]} {[%emt 00:01:03]} 16. Qxd8 {[%clk 00:32:21]} {[%emt 00:00:03]} Raxd8
{[%clk 01:19:14]} {[%emt 00:01:10]} 17. Rxe8+ {[%clk 00:24:46]} {[%emt
00:08:05]} Rxe8 {[%clk 01:17:06]} {[%emt 00:02:38]} 18. Bf4 {[%clk 00:17:37]}
{[%emt 00:07:36]} dxc3 {[%clk 01:16:29]} {[%emt 00:01:11]} 19. bxc3 {[%clk
00:09:30]} {[%emt 00:08:37]} Re4 {[%emt 00:01:52]} 20. Rd1 {[%clk 00:09:25]}
Rxc4 {[%clk 01:15:35]} {[%emt 00:00:36]} 21. Rd8+ {[%clk 00:09:32]} {[%emt
00:00:22]} Ng8 {[%clk 01:15:57]} {[%emt 00:00:08]} 22. Rd7 {[%clk 00:09:27]}
{[%emt 00:00:35]} Rxf4 {[%clk 01:13:10]} {[%emt 00:03:18]} 23. Rxb7 {[%clk
00:09:53]} {[%emt 00:00:04]} Ra4 {[%emt 00:01:12]} 0-1

[Event "DEM U12w 2024"]
[Site "Willingen GER"]
[Date "2024.05.19"]
[Round "1"]
[White "Lu, Sheng"]
[Black "Schirmbeck, Lilian"]
[Result "0-1"]
[Termination "normal"]
[Board "4"]
[BlackTitle "WCM"]
[WhiteElo "1590"]
[BlackElo "1790"]
[WhiteClock "00:58:21"]
[BlackClock "00:39:34"]
[PlyCount "48"]
[WhiteFideId "34628061"]
[BlackFideId "34620532"]
[EventCountry "GER"]
[EventRounds "9"]
[EventType "swiss"]
[EventDate "2024.05.18"]

1. e4 {[%clk 01:30:57]} {[%emt 00:00:02]} c5 {[%clk 01:30:54]} {[%emt
00:00:07]} 2. Nf3 {[%clk 01:31:19]} {[%emt 00:00:08]} Nc6 {[%clk 01:31:18]}
{[%emt 00:00:05]} 3. d4 {[%clk 01:31:43]} {[%emt 00:00:06]} cxd4 {[%clk
01:31:44]} {[%emt 00:00:04]} 4. Nxd4 {[%clk 01:32:06]} {[%emt 00:00:07]} g6
{[%clk 01:32:02]} {[%emt 00:00:12]} 5. Nc3 {[%clk 01:32:14]} {[%emt 00:00:22]}
Bg7 {[%clk 01:31:44]} {[%emt 00:00:48]} 6. Be3 {[%clk 01:32:20]} {[%emt
00:00:24]} Nf6 {[%clk 01:31:25]} {[%emt 00:00:50]} 7. Bc4 {[%clk 01:31:44]}
{[%emt 00:01:05]} O-O {[%clk 01:27:46]} {[%emt 00:04:09]} 8. O-O {[%clk
01:31:10]} {[%emt 00:01:04]} d6 {[%clk 01:25:29]} {[%emt 00:02:47]} 9. f3
{[%clk 01:29:17]} {[%emt 00:02:23]} Qb6 {[%clk 01:10:51]} {[%emt 00:15:07]} 10.
Qd2 {[%clk 01:19:09]} {[%emt 00:10:38]} Nxe4 {[%clk 00:53:28]} {[%emt
00:17:54]} 11. Nxe4 {[%clk 01:15:42]} {[%emt 00:03:57]} Bxd4 {[%clk 00:51:21]}
{[%emt 00:02:37]} 12. Bxd4 {[%clk 01:15:21]} {[%emt 00:00:49]} Qxd4+ {[%clk
00:48:42]} {[%emt 00:03:10]} 13. Qxd4 {[%clk 01:15:13]} {[%emt 00:00:38]} Nxd4
{[%clk 00:49:06]} {[%emt 00:00:06]} 14. c3 {[%clk 01:14:09]} {[%emt 00:01:34]}
Nc2 {[%clk 00:48:11]} {[%emt 00:01:19]} 15. Rae1 {[%clk 01:08:33]} {[%emt
00:06:13]} Nxe1 {[%clk 00:48:23]} {[%emt 00:00:18]} 16. Rxe1 {[%clk 01:08:45]}
{[%emt 00:00:17]} Kg7 {[%clk 00:47:54]} {[%emt 00:00:59]} 17. Ng5 {[%clk
01:07:43]} {[%emt 00:01:31]} e6 {[%clk 00:47:59]} {[%emt 00:00:26]} 18. Kf2
{[%clk 01:06:33]} {[%emt 00:01:40]} h6 {[%clk 00:48:17]} {[%emt 00:00:12]} 19.
Nh3 {[%clk 01:06:13]} {[%emt 00:00:49]} d5 {[%clk 00:47:57]} {[%emt 00:00:51]}
20. Bb3 {[%clk 01:06:02]} {[%emt 00:00:40]} Bd7 {[%clk 00:44:50]} {[%emt
00:03:37]} 21. Nf4 {[%clk 01:02:52]} {[%emt 00:03:40]} Rfc8 {[%clk 00:42:56]}
{[%emt 00:02:24]} 22. Ke3 {[%clk 01:01:12]} {[%emt 00:02:10]} a5 {[%clk
00:39:39]} {[%emt 00:03:47]} 23. g3 {[%clk 00:58:48]} {[%emt 00:02:54]} a4
{[%clk 00:39:43]} {[%emt 00:00:27]} 24. Bc2 {[%clk 00:58:21]} {[%emt 00:00:57]}
a3 {[%clk 00:39:34]} {[%emt 00:01:12]} 0-1

[Event "DEM U12w 2024"]
[Site "Willingen GER"]
[Date "2024.05.19"]
[Round "1"]
[White "Komar, Valerie"]
[Black "Briese, Sophie"]
[Result "1-0"]
[Termination "normal"]
[Board "5"]
[WhiteElo "1769"]
[BlackElo "1475"]
[WhiteClock "01:04:32"]
[BlackClock "01:06:44"]
[PlyCount "33"]
[WhiteFideId "34139664"]
[BlackFideId "34660305"]
[EventCountry "GER"]
[EventRounds "9"]
[EventType "swiss"]
[EventDate "2024.05.18"]

1. e4 {[%clk 01:30:58]} {[%emt 00:00:01]} c5 {[%clk 01:30:54]} {[%emt
00:00:06]} 2. c3 {[%clk 01:31:24]} {[%emt 00:00:04]} d5 {[%clk 01:31:17]}
{[%emt 00:00:07]} 3. exd5 {[%clk 01:31:49]} {[%emt 00:00:05]} Qxd5 {[%emt
00:00:14]} 4. d4 {[%clk 01:32:14]} Nf6 {[%clk 01:31:54]} {[%emt 00:00:15]} 5.
Nf3 {[%clk 01:32:39]} {[%emt 00:00:05]} Bg4 {[%clk 01:32:16]} {[%emt 00:00:08]}
6. Be2 {[%clk 01:30:33]} {[%emt 00:02:36]} e6 {[%clk 01:32:18]} {[%emt
00:00:28]} 7. Na3 {[%clk 01:26:33]} {[%emt 00:04:30]} Be7 {[%clk 01:26:28]}
{[%emt 00:06:19]} 8. Nb5 {[%clk 01:06:37]} {[%emt 00:20:26]} Bd6 {[%clk
01:20:03]} {[%emt 00:06:55]} 9. dxc5 {[%clk 01:04:43]} {[%emt 00:02:25]} Qxd1+
{[%clk 01:11:16]} {[%emt 00:09:16]} 10. Bxd1 {[%clk 01:05:06]} {[%emt
00:00:07]} a6 {[%clk 01:09:59]} {[%emt 00:01:47]} 11. Nxd6+ {[%clk 01:05:29]}
{[%emt 00:00:06]} Ke7 {[%clk 01:09:26]} {[%emt 00:01:02]} 12. Bg5 {[%clk
01:05:11]} {[%emt 00:00:50]} Nbd7 {[%clk 01:09:07]} {[%emt 00:00:49]} 13. Bxf6+
{[%clk 01:05:05]} {[%emt 00:00:35]} Nxf6 {[%clk 01:09:06]} {[%emt 00:00:31]}
14. Ne5 {[%clk 01:04:29]} {[%emt 00:01:07]} Rhf8 {[%clk 01:08:12]} {[%emt
00:01:24]} 15. Bxg4 {[%clk 01:04:43]} {[%emt 00:00:16]} Nxg4 {[%clk 01:08:34]}
{[%emt 00:00:08]} 16. Nxg4 {[%clk 01:05:09]} {[%emt 00:00:04]} Rab8 {[%clk
01:06:44]} {[%emt 00:02:21]} 17. Rd1 {[%clk 01:04:32]} {[%emt 00:01:05]} 1-0

[Event "DEM U12w 2024"]
[Site "Willingen GER"]
[Date "2024.05.19"]
[Round "1"]
[White "Wolf, Helena"]
[Black "Tu, Audrey"]
[Result "0-1"]
[Termination "normal"]
[Board "6"]
[WhiteElo "1498"]
[BlackElo "1711"]
[WhiteClock "00:17:01"]
[BlackClock "00:38:27"]
[PlyCount "60"]
[WhiteFideId "34671030"]
[BlackFideId "34628568"]
[EventCountry "GER"]
[EventRounds "9"]
[EventType "swiss"]
[EventDate "2024.05.18"]

1. e4 {[%clk 01:30:59]} e5 {[%clk 01:30:56]} {[%emt 00:00:05]} 2. Nf3 {[%clk
01:31:23]} {[%emt 00:00:05]} Nc6 {[%clk 01:31:23]} {[%emt 00:00:04]} 3. Bc4
{[%clk 01:31:44]} {[%emt 00:00:09]} Nf6 {[%clk 01:31:48]} {[%emt 00:00:05]} 4.
d3 {[%clk 01:32:06]} {[%emt 00:00:08]} Bc5 {[%clk 01:32:02]} {[%emt 00:00:17]}
5. O-O {[%clk 01:32:25]} {[%emt 00:00:10]} d6 {[%clk 01:32:08]} {[%emt
00:00:24]} 6. h3 {[%clk 01:32:44]} {[%emt 00:00:10]} h6 {[%clk 01:29:22]}
{[%emt 00:03:16]} 7. c3 {[%clk 01:32:11]} {[%emt 00:01:03]} O-O {[%clk
01:26:57]} {[%emt 00:02:56]} 8. Nbd2 {[%clk 01:32:22]} {[%emt 00:00:18]} Be6
{[%clk 01:24:50]} {[%emt 00:02:37]} 9. b4 {[%clk 01:30:25]} {[%emt 00:02:27]}
Bb6 {[%clk 01:24:06]} {[%emt 00:01:14]} 10. Bxe6 {[%clk 01:18:29]} {[%emt
00:12:26]} fxe6 {[%clk 01:23:34]} {[%emt 00:01:02]} 11. Nc4 {[%clk 01:18:46]}
{[%emt 00:00:13]} a6 {[%clk 01:16:04]} {[%emt 00:08:01]} 12. Nxb6 {[%clk
01:18:07]} {[%emt 00:01:08]} cxb6 {[%clk 01:16:26]} {[%emt 00:00:08]} 13. Be3
{[%clk 01:15:17]} {[%emt 00:03:19]} d5 {[%clk 01:14:54]} {[%emt 00:02:03]} 14.
Qc2 {[%clk 01:09:23]} {[%emt 00:06:22]} Rc8 {[%clk 01:13:13]} {[%emt 00:02:12]}
15. Rab1 {[%clk 01:05:27]} {[%emt 00:04:25]} d4 {[%clk 01:10:47]} {[%emt
00:02:58]} 16. Bd2 {[%clk 00:58:55]} {[%emt 00:07:01]} dxc3 {[%clk 01:08:59]}
{[%emt 00:02:18]} 17. Qxc3 {[%clk 00:51:26]} {[%emt 00:07:59]} Nd4 {[%clk
01:07:57]} {[%emt 00:01:33]} 18. Qa3 {[%clk 00:46:08]} {[%emt 00:05:47]} Nxf3+
{[%clk 01:06:24]} {[%emt 00:02:04]} 19. gxf3 {[%clk 00:46:24]} {[%emt
00:00:13]} Nh5 {[%clk 01:03:50]} {[%emt 00:03:05]} 20. Qb3 {[%clk 00:41:21]}
{[%emt 00:05:32]} Qe8 {[%clk 00:55:55]} {[%emt 00:08:26]} 21. Qd1 {[%clk
00:38:46]} {[%emt 00:03:04]} Qg6+ {[%clk 00:54:12]} {[%emt 00:02:14]} 22. Kh2
{[%clk 00:37:44]} {[%emt 00:01:30]} Rf6 {[%clk 00:47:24]} {[%emt 00:07:20]} 23.
Rg1 {[%clk 00:36:28]} {[%emt 00:01:45]} Qf7 {[%clk 00:46:54]} {[%emt 00:01:01]}
24. Be3 {[%clk 00:29:54]} {[%emt 00:06:56]} b5 {[%clk 00:42:52]} {[%emt
00:04:40]} 25. Rg2 {[%clk 00:26:39]} {[%emt 00:03:43]} Rxf3 {[%clk 00:40:29]}
26. Bxh6 {[%clk 00:23:25]} {[%emt 00:06:38]} Rxf2 {[%clk 00:39:07]} {[%emt
00:01:54]} 27. Qg1 {[%clk 00:19:20]} {[%emt 00:04:33]} Rcc2 {[%clk 00:37:21]}
{[%emt 00:02:16]} 28. Rxf2 {[%clk 00:17:34]} {[%emt 00:02:16]} Rxf2+ {[%clk
00:37:38]} {[%emt 00:00:14]} 29. Kh1 {[%clk 00:17:45]} {[%emt 00:00:18]} Qf3+
{[%clk 00:38:01]} {[%emt 00:00:08]} 30. Qg2 {[%clk 00:17:01]} {[%emt 00:01:14]}
Qxg2# {[%clk 00:38:27]} {[%emt 00:00:04]} 0-1